000 00293pam a2200121 a 4500
020 _a81-87495-12-X
_c
041 _h
082 _a658
_bAIMA
100 _a,
245 _aPEOPLE MANAGEMENT
_hTextual Documents
260 _aNEW DELHI
_bAMEXCEL PUBLISHERS PRIVATE LIMITED
_c1999
930 _a10592
999 _c130037
_d130037